| 000 | 00821nam a2200229 a 4500 | ||
|---|---|---|---|
| 005 | 20230624063745.0 | ||
| 008 | 070118s2004 mx r 000 0 spa d | ||
| 020 | _a8489042403 | ||
| 035 | _aUPN01000148693 | ||
| 049 | _aCG | ||
| 050 | 4 |
_aLB1032 _bS5.3 |
|
| 100 | 1 | _aSharan, Yael | |
| 245 | 1 | 3 |
_aEl desarrollo del aprendizaje cooperativo a través de la investigación en grupo / _cYael Sharan y Shlomo Sharan ; tr. Aurora Caparrós Cayuela. |
| 260 |
_aSevilla, Esp. : _bM.C.E.P., _c2004. |
||
| 300 |
_a196 p.: _bil., cuadros |
||
| 440 | 0 |
_aColaboración pedagógica ; _v13 |
|
| 534 |
_pTítulo original: _tExpanding cooperative learning through group investigation |
||
| 650 | 4 |
_aTrabajo en grupos (Educación) _94098 |
|
| 650 | 4 |
_aAprendizaje activo _91351 |
|
| 700 | 1 |
_aSharan, Shlomo, _ecoaut. |
|
| 905 | _aLibro | ||
| 999 |
_c120834 _d120834 |
||